[Event "DVM U16w 2023"]
[Site "Magdeburg GER"]
[Date "2023.12.30"]
[Round "7"]
[White "Müller, Cosima"]
[Black "Neumann, Helena"]
[Result "0-1"]
[Termination "normal"]
[Board "1.2"]
[WhiteElo "1462"]
[BlackElo "1584"]
[WhiteClock "00:06:14"]
[BlackClock "00:44:23"]
[WhiteTeam "SSV Altenberg"]
[BlackTeam "SG Porz"]
[PlyCount "74"]
[WhiteFideId "34601490"]
[BlackFideId "16275365"]
[EventCountry "GER"]
[EventRounds "7"]
[EventType "team-swiss"]
[EventDate "2023.12.26"]

1. e4 {[%clk 01:30:58]} {[%emt 00:00:01]} c6 {[%clk 01:30:57]} {[%emt
00:00:04]} 2. d4 {[%clk 01:31:22]} {[%emt 00:00:05]} d5 {[%clk 01:31:25]}
{[%emt 00:00:02]} 3. exd5 {[%clk 01:31:48]} {[%emt 00:00:05]} cxd5 {[%emt
00:00:08]} 4. Bd3 {[%clk 01:32:13]} {[%emt 00:00:02]} Nf6 {[%clk 01:32:11]}
{[%emt 00:00:09]} 5. c3 {[%clk 01:32:17]} {[%emt 00:00:26]} Bg4 {[%clk
01:32:32]} {[%emt 00:00:09]} 6. Ne2 {[%clk 01:20:03]} {[%emt 00:12:43]} e6
{[%clk 01:32:23]} {[%emt 00:00:39]} 7. Bf4 {[%clk 01:11:26]} {[%emt 00:09:07]}
Bd6 {[%clk 01:30:39]} {[%emt 00:02:15]} 8. Bxd6 {[%clk 01:11:29]} {[%emt
00:00:27]} Qxd6 {[%clk 01:31:03]} {[%emt 00:00:06]} 9. Qb3 {[%clk 01:10:44]}
{[%emt 00:01:15]} Nc6 {[%clk 01:29:00]} {[%emt 00:02:33]} 10. Nd2 {[%clk
01:07:52]} {[%emt 00:03:21]} Qc7 {[%clk 01:23:24]} {[%emt 00:06:07]} 11. O-O
{[%clk 01:04:24]} {[%emt 00:03:57]} O-O {[%clk 01:23:46]} {[%emt 00:00:08]} 12.
Rae1 {[%clk 00:57:21]} {[%emt 00:07:33]} Rfc8 {[%clk 01:20:46]} {[%emt
00:03:30]} 13. f4 {[%clk 00:54:12]} {[%emt 00:03:37]} a6 {[%clk 01:09:44]}
{[%emt 00:11:34]} 14. Ng3 {[%clk 00:44:10]} {[%emt 00:10:31]} g6 {[%clk
01:07:22]} {[%emt 00:02:54]} 15. a3 {[%clk 00:33:24]} {[%emt 00:11:16]} b5
{[%clk 01:00:51]} {[%emt 00:07:00]} 16. h3 {[%clk 00:30:23]} {[%emt 00:03:31]}
Bf5 {[%clk 01:01:17]} {[%emt 00:00:05]} 17. Nxf5 {[%clk 00:30:33]} {[%emt
00:00:19]} gxf5 {[%clk 01:01:41]} {[%emt 00:00:05]} 18. Qd1 {[%clk 00:29:43]}
{[%emt 00:01:21]} Kh8 {[%clk 00:58:30]} {[%emt 00:03:41]} 19. Nf3 {[%clk
00:26:15]} {[%emt 00:03:58]} Ne4 {[%clk 00:54:58]} {[%emt 00:04:03]} 20. Nd2
{[%clk 00:22:12]} {[%emt 00:04:32]} Rg8 {[%clk 00:52:49]} {[%emt 00:02:39]} 21.
Nxe4 {[%clk 00:21:29]} {[%emt 00:01:13]} dxe4 {[%clk 00:53:13]} {[%emt
00:00:07]} 22. Bc2 {[%clk 00:21:33]} {[%emt 00:00:26]} Rg3 {[%clk 00:52:05]}
{[%emt 00:01:37]} 23. Re2 {[%clk 00:18:39]} {[%emt 00:03:24]} Rag8 {[%clk
00:51:26]} {[%emt 00:01:09]} 24. Kh2 {[%clk 00:18:21]} {[%emt 00:00:48]} Ne7
{[%clk 00:49:39]} {[%emt 00:02:17]} 25. Qe1 {[%clk 00:17:07]} {[%emt 00:01:44]}
R3g6 {[%clk 00:48:42]} {[%emt 00:01:27]} 26. Qh4 {[%clk 00:16:35]} {[%emt
00:01:02]} Qc4 {[%clk 00:49:01]} {[%emt 00:00:11]} 27. Rfe1 {[%clk 00:16:11]}
{[%emt 00:00:53]} Nd5 {[%clk 00:48:45]} {[%emt 00:00:47]} 28. Qf2 {[%clk
00:11:57]} {[%emt 00:04:45]} Rxg2+ {[%clk 00:48:42]} {[%emt 00:00:32]} 29. Qxg2
{[%clk 00:12:10]} {[%emt 00:00:17]} Rxg2+ {[%clk 00:49:09]} {[%emt 00:00:03]}
30. Rxg2 {[%clk 00:12:28]} {[%emt 00:00:12]} Nxf4 {[%clk 00:49:31]} {[%emt
00:00:09]} 31. Rg3 {[%clk 00:11:17]} {[%emt 00:01:40]} Qc7 {[%clk 00:43:43]}
{[%emt 00:06:18]} 32. Bd1 {[%clk 00:09:38]} {[%emt 00:02:09]} Nd3 {[%clk
00:42:32]} {[%emt 00:01:41]} 33. Re2 {[%clk 00:08:04]} {[%emt 00:02:03]} h5
{[%clk 00:42:44]} {[%emt 00:00:19]} 34. Kg2 {[%clk 00:05:44]} {[%emt 00:02:51]}
Nf4+ {[%clk 00:43:08]} {[%emt 00:00:06]} 35. Kf2 {[%clk 00:06:05]} {[%emt
00:00:08]} Nxe2 {[%clk 00:43:33]} {[%emt 00:00:05]} 36. Bxe2 {[%clk 00:06:28]}
{[%emt 00:00:07]} Qf4+ {[%clk 00:43:57]} {[%emt 00:00:06]} 37. Kg2 {[%clk
00:06:14]} {[%emt 00:00:43]} h4 {[%clk 00:44:23]} {[%emt 00:00:05]} 0-1

[Event "DVM U16w 2023"]
[Site "Magdeburg GER"]
[Date "2023.12.30"]
[Round "7"]
[White "Brandt, Clara"]
[Black "Glotz, Diana"]
[Result "1/2-1/2"]
[Termination "normal"]
[Board "1.3"]
[WhiteElo "1267"]
[BlackElo "1420"]
[WhiteClock "00:12:16"]
[BlackClock "00:25:33"]
[WhiteTeam "SG Porz"]
[BlackTeam "SSV Altenberg"]
[PlyCount "63"]
[WhiteFideId "34614737"]
[BlackFideId "16278500"]
[EventCountry "GER"]
[EventRounds "7"]
[EventType "team-swiss"]
[EventDate "2023.12.26"]

1. d4 {[%clk 01:30:59]} d5 {[%clk 01:30:52]} {[%emt 00:00:08]} 2. Nf3 {[%clk
01:31:24]} {[%emt 00:00:05]} Nf6 {[%clk 01:31:10]} {[%emt 00:00:12]} 3. Bf4
{[%clk 01:31:49]} {[%emt 00:00:05]} Bf5 {[%clk 01:30:10]} {[%emt 00:01:30]} 4.
e3 {[%clk 01:32:13]} {[%emt 00:00:05]} e6 {[%clk 01:30:06]} {[%emt 00:00:35]}
5. c4 {[%clk 01:32:38]} {[%emt 00:00:05]} c6 {[%clk 01:30:17]} {[%emt
00:00:20]} 6. Qb3 {[%clk 01:32:22]} {[%emt 00:00:45]} Qa5+ {[%clk 01:25:24]}
{[%emt 00:05:22]} 7. Nbd2 {[%clk 01:25:47]} {[%emt 00:07:07]} Qb4 {[%clk
01:22:09]} {[%emt 00:03:43]} 8. c5 {[%clk 01:24:00]} {[%emt 00:02:18]} Qxb3
{[%clk 01:18:15]} {[%emt 00:04:24]} 9. axb3 {[%clk 01:23:12]} {[%emt 00:01:17]}
Nbd7 {[%clk 01:16:01]} {[%emt 00:02:44]} 10. b4 {[%clk 01:22:22]} {[%emt
00:01:21]} Be7 {[%clk 01:15:36]} {[%emt 00:00:55]} 11. h3 {[%clk 01:20:51]}
{[%emt 00:02:01]} O-O {[%clk 01:15:28]} {[%emt 00:00:38]} 12. Be2 {[%clk
01:17:19]} {[%emt 00:04:01]} Ne4 {[%clk 01:11:25]} {[%emt 00:04:34]} 13. Nxe4
{[%clk 01:11:31]} {[%emt 00:06:18]} Bxe4 {[%clk 01:11:38]} {[%emt 00:00:17]}
14. O-O {[%clk 01:08:49]} {[%emt 00:03:11]} Nf6 {[%clk 01:10:21]} {[%emt
00:01:47]} 15. Ne5 {[%clk 01:04:19]} {[%emt 00:05:00]} Rfd8 {[%clk 01:06:49]}
{[%emt 00:04:03]} 16. Bh2 {[%clk 00:54:42]} {[%emt 00:10:07]} Nd7 {[%clk
01:05:08]} {[%emt 00:02:11]} 17. Ra2 {[%clk 00:48:48]} {[%emt 00:06:23]} Nxe5
{[%clk 01:04:56]} {[%emt 00:00:43]} 18. Bxe5 {[%clk 00:49:09]} {[%emt
00:00:09]} f6 {[%clk 01:04:31]} {[%emt 00:00:55]} 19. Bh2 {[%clk 00:46:16]}
{[%emt 00:03:23]} a6 {[%clk 00:59:58]} {[%emt 00:05:03]} 20. Rfa1 {[%clk
00:43:08]} {[%emt 00:03:36]} Rac8 {[%clk 00:51:21]} {[%emt 00:09:08]} 21. Ra3
{[%clk 00:38:01]} {[%emt 00:05:38]} Bf8 {[%clk 00:48:32]} {[%emt 00:03:19]} 22.
Bd3 {[%clk 00:35:25]} {[%emt 00:03:06]} Bxd3 {[%clk 00:46:31]} {[%emt
00:02:31]} 23. Rxd3 {[%clk 00:35:47]} {[%emt 00:00:07]} Re8 {[%clk 00:46:04]}
{[%emt 00:00:58]} 24. Rdd1 {[%clk 00:29:51]} {[%emt 00:06:25]} g6 {[%clk
00:41:16]} {[%emt 00:05:18]} 25. Re1 {[%clk 00:27:55]} {[%emt 00:02:26]} Bg7
{[%clk 00:38:44]} {[%emt 00:03:02]} 26. Rad1 {[%clk 00:25:49]} {[%emt
00:02:37]} f5 {[%clk 00:38:10]} {[%emt 00:01:04]} 27. f4 {[%clk 00:23:37]}
{[%emt 00:02:41]} Ra8 {[%clk 00:37:24]} {[%emt 00:01:16]} 28. Ra1 {[%clk
00:23:18]} {[%emt 00:00:48]} Bf6 {[%clk 00:36:48]} {[%emt 00:01:07]} 29. g3
{[%clk 00:17:46]} {[%emt 00:06:02]} Rec8 {[%clk 00:32:23]} {[%emt 00:04:55]}
30. Ra3 {[%clk 00:16:17]} {[%emt 00:01:58]} Kf7 {[%clk 00:29:59]} {[%emt
00:02:56]} 31. Kf2 {[%clk 00:13:06]} {[%emt 00:03:40]} Bd8 {[%clk 00:25:33]}
{[%emt 00:04:57]} 32. Rea1 {[%clk 00:12:16]} {[%emt 00:01:18]} 1/2-1/2

[Event "DVM U16w 2023"]
[Site "Magdeburg GER"]
[Date "2023.12.30"]
[Round "7"]
[White "Eger, Nora"]
[Black "Siegel, Irene"]
[Result "1/2-1/2"]
[Termination "normal"]
[Board "1.4"]
[WhiteElo "1272"]
[BlackElo "1313"]
[WhiteClock "00:05:57"]
[BlackClock "00:37:23"]
[WhiteTeam "SSV Altenberg"]
[BlackTeam "SG Porz"]
[PlyCount "77"]
[WhiteFideId "34605827"]
[BlackFideId "16284380"]
[EventCountry "GER"]
[EventRounds "7"]
[EventType "team-swiss"]
[EventDate "2023.12.26"]

1. Nf3 {[%clk 01:30:57]} {[%emt 00:00:03]} d5 {[%clk 01:30:50]} {[%emt
00:00:11]} 2. g3 {[%clk 01:31:22]} {[%emt 00:00:05]} Nd7 {[%clk 01:31:09]}
{[%emt 00:00:11]} 3. Bg2 {[%clk 01:31:23]} {[%emt 00:00:29]} e5 {[%clk
01:31:29]} {[%emt 00:00:10]} 4. d3 {[%clk 01:31:35]} {[%emt 00:00:18]} Ngf6
{[%clk 01:31:47]} {[%emt 00:00:12]} 5. O-O {[%clk 01:31:03]} {[%emt 00:01:02]}
c6 {[%clk 01:32:01]} {[%emt 00:00:16]} 6. c4 {[%clk 01:28:05]} {[%emt
00:03:27]} Bc5 {[%clk 01:30:40]} {[%emt 00:01:51]} 7. cxd5 {[%clk 01:23:28]}
{[%emt 00:05:08]} cxd5 {[%clk 01:30:45]} {[%emt 00:00:25]} 8. d4 {[%clk
01:22:10]} {[%emt 00:01:48]} exd4 {[%clk 01:24:28]} {[%emt 00:06:47]} 9. Nxd4
{[%clk 01:21:14]} {[%emt 00:01:25]} O-O {[%clk 01:23:46]} {[%emt 00:01:12]} 10.
Nc3 {[%clk 01:18:34]} {[%emt 00:03:11]} Nb6 {[%clk 01:21:51]} {[%emt 00:02:24]}
11. Nb3 {[%clk 01:14:27]} {[%emt 00:04:37]} Be7 {[%clk 01:21:54]} {[%emt
00:00:28]} 12. Bf4 {[%clk 01:10:43]} {[%emt 00:04:14]} a6 {[%clk 01:20:36]}
{[%emt 00:01:49]} 13. e4 {[%clk 01:06:37]} {[%emt 00:04:35]} Be6 {[%clk
01:17:16]} {[%emt 00:03:50]} 14. exd5 {[%clk 01:00:20]} {[%emt 00:06:47]} Nbxd5
{[%clk 01:16:46]} {[%emt 00:01:00]} 15. Bd2 {[%clk 00:55:35]} {[%emt 00:05:15]}
Qd7 {[%clk 01:15:16]} {[%emt 00:01:58]} 16. Ne4 {[%clk 00:50:19]} {[%emt
00:05:47]} Bh3 {[%clk 01:12:17]} {[%emt 00:03:29]} 17. Qf3 {[%clk 00:44:15]}
{[%emt 00:06:28]} Bxg2 {[%clk 01:10:35]} {[%emt 00:02:18]} 18. Qxg2 {[%clk
00:43:34]} {[%emt 00:01:11]} Nxe4 {[%clk 01:10:22]} {[%emt 00:00:44]} 19. Qxe4
{[%clk 00:43:12]} {[%emt 00:00:52]} Rfe8 {[%clk 01:08:03]} {[%emt 00:02:48]}
20. Qd3 {[%clk 00:41:29]} {[%emt 00:02:13]} Rad8 {[%clk 01:08:06]} {[%emt
00:00:27]} 21. Rac1 {[%clk 00:38:54]} {[%emt 00:03:05]} Qh3 {[%clk 01:06:22]}
{[%emt 00:02:15]} 22. Qf3 {[%clk 00:37:06]} {[%emt 00:02:18]} Bf8 {[%clk
01:00:11]} {[%emt 00:06:37]} 23. Rfd1 {[%clk 00:34:18]} {[%emt 00:03:20]} Nf6
{[%clk 00:56:55]} {[%emt 00:03:47]} 24. Qg2 {[%clk 00:32:27]} {[%emt 00:02:21]}
Qxg2+ {[%clk 00:55:27]} {[%emt 00:01:59]} 25. Kxg2 {[%clk 00:32:35]} {[%emt
00:00:21]} Re2 {[%clk 00:51:18]} {[%emt 00:04:38]} 26. Kf1 {[%clk 00:24:26]}
{[%emt 00:08:40]} Ree8 {[%clk 00:47:37]} {[%emt 00:04:12]} 27. Bg5 {[%clk
00:19:38]} {[%emt 00:05:18]} Rxd1+ {[%clk 00:45:13]} {[%emt 00:02:54]} 28. Rxd1
{[%clk 00:20:00]} {[%emt 00:00:07]} Rc8 {[%clk 00:45:16]} {[%emt 00:00:26]} 29.
Rc1 {[%clk 00:16:21]} {[%emt 00:04:11]} Rxc1+ {[%clk 00:45:10]} {[%emt
00:00:36]} 30. Nxc1 {[%clk 00:16:47]} {[%emt 00:00:04]} Ng4 {[%clk 00:45:06]}
{[%emt 00:00:33]} 31. h3 {[%clk 00:15:47]} {[%emt 00:01:30]} Ne5 {[%clk
00:45:11]} {[%emt 00:00:26]} 32. Ke2 {[%clk 00:12:44]} {[%emt 00:03:32]} f6
{[%clk 00:40:28]} {[%emt 00:05:14]} 33. Be3 {[%clk 00:11:51]} {[%emt 00:01:22]}
Kf7 {[%clk 00:39:44]} {[%emt 00:01:15]} 34. Nd3 {[%clk 00:11:16]} {[%emt
00:01:05]} Nxd3 {[%clk 00:39:47]} {[%emt 00:00:27]} 35. Kxd3 {[%clk 00:11:41]}
{[%emt 00:00:05]} g6 {[%clk 00:39:24]} {[%emt 00:00:53]} 36. g4 {[%clk
00:08:07]} {[%emt 00:04:05]} Ke6 {[%clk 00:38:49]} {[%emt 00:01:04]} 37. Kd4
{[%clk 00:07:00]} {[%emt 00:01:37]} f5 {[%clk 00:38:29]} {[%emt 00:00:49]} 38.
b3 {[%clk 00:05:53]} {[%emt 00:01:37]} fxg4 {[%clk 00:37:23]} {[%emt 00:01:36]}
39. hxg4 {[%clk 00:05:57]} {[%emt 00:00:27]} 1/2-1/2

[Event "DVM U16w 2023"]
[Site "Magdeburg GER"]
[Date "2023.12.30"]
[Round "7"]
[White "Nguyen, Jenny Ha-Linh"]
[Black "Lorenz, Veronika"]
[Result "1/2-1/2"]
[Termination "normal"]
[Board "2.1"]
[WhiteElo "1639"]
[BlackElo "1651"]
[WhiteClock "00:16:17"]
[BlackClock "00:13:26"]
[WhiteTeam "SG Leipzig"]
[BlackTeam "TSG Oberschöneweide"]
[PlyCount "117"]
[WhiteFideId "16209729"]
[BlackFideId "16277406"]
[EventCountry "GER"]
[EventRounds "7"]
[EventType "team-swiss"]
[EventDate "2023.12.26"]

1. e4 {[%clk 01:30:58]} {[%emt 00:00:01]} e5 {[%clk 01:30:59]} 2. Nf3 {[%clk
01:31:23]} {[%emt 00:00:05]} Nc6 {[%clk 01:31:28]} {[%emt 00:00:02]} 3. Bc4
{[%clk 01:31:48]} {[%emt 00:00:05]} Nf6 {[%clk 01:31:56]} {[%emt 00:00:03]} 4.
d3 {[%clk 01:32:12]} {[%emt 00:00:05]} Bc5 {[%clk 01:32:21]} {[%emt 00:00:04]}
5. O-O {[%clk 01:32:34]} {[%emt 00:00:08]} O-O {[%clk 01:32:48]} {[%emt
00:00:04]} 6. Re1 {[%clk 01:32:50]} {[%emt 00:00:14]} d6 {[%clk 01:29:35]}
{[%emt 00:03:43]} 7. c3 {[%clk 01:31:29]} {[%emt 00:01:51]} h6 {[%clk
01:22:54]} {[%emt 00:07:10]} 8. Nbd2 {[%clk 01:28:33]} {[%emt 00:03:26]} a6
{[%clk 01:22:10]} {[%emt 00:01:15]} 9. Bb3 {[%clk 01:28:05]} {[%emt 00:00:58]}
Ba7 {[%clk 01:20:45]} {[%emt 00:01:54]} 10. Nf1 {[%clk 01:26:24]} {[%emt
00:02:12]} Na5 {[%clk 01:20:34]} {[%emt 00:00:41]} 11. Bc2 {[%clk 01:26:48]}
{[%emt 00:00:06]} c5 {[%clk 01:20:30]} {[%emt 00:00:34]} 12. h3 {[%clk
01:25:31]} {[%emt 00:01:47]} b5 {[%clk 01:18:34]} {[%emt 00:02:25]} 13. a3
{[%clk 01:19:32]} {[%emt 00:06:29]} Nc6 {[%clk 01:16:23]} {[%emt 00:02:41]} 14.
Ng3 {[%clk 01:19:36]} {[%emt 00:00:27]} Qc7 {[%clk 01:10:59]} {[%emt 00:05:51]}
15. Nh2 {[%clk 01:17:32]} {[%emt 00:02:37]} d5 {[%clk 01:05:11]} {[%emt
00:06:17]} 16. Ng4 {[%clk 01:16:08]} {[%emt 00:01:55]} Nxg4 {[%clk 01:01:56]}
{[%emt 00:03:45]} 17. hxg4 {[%clk 01:16:32]} {[%emt 00:00:06]} d4 {[%clk
01:00:53]} {[%emt 00:01:32]} 18. c4 {[%emt 00:08:02]} bxc4 {[%clk 01:01:08]}
{[%emt 00:00:14]} 19. dxc4 {[%clk 01:09:27]} {[%emt 00:00:05]} f6 {[%clk
00:39:12]} {[%emt 00:22:26]} 20. Nf5 {[%clk 01:06:12]} {[%emt 00:03:45]} Ne7
{[%clk 00:38:18]} {[%emt 00:01:22]} 21. g3 {[%clk 00:57:19]} {[%emt 00:09:24]}
Nxf5 {[%clk 00:33:10]} {[%emt 00:05:39]} 22. gxf5 {[%clk 00:50:35]} {[%emt
00:07:14]} Rf7 {[%clk 00:26:13]} {[%emt 00:07:24]} 23. b4 {[%clk 00:35:34]}
{[%emt 00:15:33]} Rb8 {[%clk 00:26:07]} {[%emt 00:00:37]} 24. Rb1 {[%clk
00:32:17]} {[%emt 00:03:46]} Kf8 {[%clk 00:16:05]} {[%emt 00:10:32]} 25. Qd3
{[%clk 00:29:41]} {[%emt 00:03:06]} Bd7 {[%clk 00:12:05]} {[%emt 00:04:30]} 26.
Bd2 {[%clk 00:28:54]} {[%emt 00:01:17]} Rc8 {[%clk 00:05:52]} {[%emt 00:06:43]}
27. Bb3 {[%clk 00:27:52]} {[%emt 00:01:32]} Ke7 {[%clk 00:02:05]} {[%emt
00:04:17]} 28. Rec1 {[%clk 00:27:06]} {[%emt 00:01:16]} Rff8 {[%clk 00:02:01]}
{[%emt 00:00:33]} 29. b5 {[%clk 00:26:55]} {[%emt 00:00:43]} a5 {[%clk
00:02:24]} {[%emt 00:00:07]} 30. Qe2 {[%clk 00:24:54]} {[%emt 00:02:31]} Be8
{[%clk 00:02:10]} {[%emt 00:00:43]} 31. Kg2 {[%clk 00:24:43]} {[%emt 00:00:42]}
Bb6 {[%clk 00:02:10]} {[%emt 00:00:29]} 32. Rh1 {[%clk 00:24:59]} {[%emt
00:00:14]} Kd6 {[%clk 00:02:25]} {[%emt 00:00:15]} 33. a4 {[%clk 00:21:06]}
{[%emt 00:04:24]} Rh8 {[%clk 00:02:39]} {[%emt 00:00:16]} 34. g4 {[%clk
00:20:12]} {[%emt 00:01:24]} Bf7 {[%clk 00:02:47]} {[%emt 00:00:22]} 35. Rh3
{[%clk 00:19:49]} {[%emt 00:00:52]} Rh7 {[%clk 00:02:03]} {[%emt 00:01:13]} 36.
Rbh1 {[%clk 00:18:45]} {[%emt 00:01:36]} Rch8 {[%clk 00:02:32]} {[%emt
00:00:01]} 37. Bd1 {[%clk 00:14:47]} {[%emt 00:04:28]} Qc8 {[%clk 00:02:28]}
{[%emt 00:00:32]} 38. R1h2 {[%clk 00:13:02]} {[%emt 00:02:16]} Qg8 {[%clk
00:02:55]} {[%emt 00:00:03]} 39. Bb3 {[%clk 00:13:24]} {[%emt 00:00:08]} g6
{[%clk 00:01:12]} {[%emt 00:02:13]} 40. Rxh6 {[%clk 00:12:29]} {[%emt
00:01:26]} Rxh6 {[%clk 00:01:19]} {[%emt 00:00:22]} 41. Rxh6 {[%clk 00:12:55]}
{[%emt 00:00:04]} Rxh6 {[%clk 00:01:41]} {[%emt 00:00:08]} 42. Bxh6 {[%clk
00:13:21]} {[%emt 00:00:05]} g5 {[%clk 00:02:07]} {[%emt 00:00:04]} 43. Qd3
{[%clk 00:10:30]} {[%emt 00:03:21]} Bd8 {[%clk 00:27:55]} {[%emt 00:04:41]} 44.
Qf1 {[%clk 00:25:29]} {[%emt 00:15:32]} Kc7 {[%clk 00:23:47]} {[%emt 00:04:37]}
45. Qe2 {[%clk 00:18:51]} {[%emt 00:07:08]} Qh8 {[%clk 00:22:59]} {[%emt
00:01:17]} 46. Bxg5 {[%clk 00:19:15]} {[%emt 00:00:07]} fxg5 {[%clk 00:23:21]}
{[%emt 00:00:08]} 47. Bc2 {[%clk 00:19:16]} {[%emt 00:00:29]} Qg8 {[%clk
00:21:12]} {[%emt 00:02:38]} 48. Bd3 {[%clk 00:19:39]} {[%emt 00:00:08]} Kb6
{[%clk 00:20:07]} {[%emt 00:01:35]} 49. Qf1 {[%clk 00:18:23]} {[%emt 00:01:47]}
Be7 {[%clk 00:18:09]} {[%emt 00:02:27]} 50. Qe2 {[%clk 00:15:55]} {[%emt
00:02:58]} Qh7 {[%clk 00:17:09]} {[%emt 00:01:31]} 51. Qf3 {[%clk 00:15:11]}
{[%emt 00:01:14]} Qh8 {[%clk 00:16:30]} {[%emt 00:01:07]} 52. Qe2 {[%clk
00:14:44]} {[%emt 00:00:57]} Qh4 {[%clk 00:13:06]} {[%emt 00:03:55]} 53. Qf3
{[%clk 00:14:50]} {[%emt 00:00:24]} Qh6 {[%clk 00:13:03]} {[%emt 00:00:33]} 54.
Qh3 {[%clk 00:14:44]} {[%emt 00:00:36]} Qg7 {[%clk 00:13:03]} {[%emt 00:00:30]}
55. Qf3 {[%clk 00:14:49]} {[%emt 00:00:25]} Qh7 {[%clk 00:13:32]} 56. Qe2
{[%clk 00:15:11]} {[%emt 00:00:08]} Qg8 {[%clk 00:13:11]} {[%emt 00:00:50]} 57.
Qf1 {[%clk 00:15:35]} {[%emt 00:00:07]} Qh8 {[%clk 00:13:25]} {[%emt 00:00:15]}
58. Qh1 {[%clk 00:15:53]} {[%emt 00:00:13]} Qg7 {[%clk 00:13:26]} {[%emt
00:00:29]} 59. Qf1 {[%clk 00:16:17]} {[%emt 00:00:05]} 1/2-1/2

[Event "DVM U16w 2023"]
[Site "Magdeburg GER"]
[Date "2023.12.30"]
[Round "7"]
[White "Fock, Madiha"]
[Black "Halas, Neele Zoe"]
[Result "0-1"]
[Termination "normal"]
[Board "2.2"]
[WhiteElo "1697"]
[BlackElo "1391"]
[WhiteClock "00:45:46"]
[BlackClock "00:18:43"]
[WhiteTeam "TSG Oberschöneweide"]
[BlackTeam "SG Leipzig"]
[PlyCount "82"]
[WhiteFideId "16253574"]
[BlackFideId "16287282"]
[EventCountry "GER"]
[EventRounds "7"]
[EventType "team-swiss"]
[EventDate "2023.12.26"]

1. e4 {[%clk 01:30:57]} {[%emt 00:00:02]} e6 {[%clk 01:30:56]} {[%emt
00:00:04]} 2. d4 {[%clk 01:31:23]} {[%emt 00:00:05]} d5 {[%clk 01:31:22]}
{[%emt 00:00:04]} 3. Nd2 {[%clk 01:31:47]} {[%emt 00:00:06]} c5 {[%clk
01:31:46]} {[%emt 00:00:05]} 4. c3 {[%clk 01:31:25]} {[%emt 00:00:52]} Nc6
{[%clk 01:26:36]} {[%emt 00:05:41]} 5. exd5 {[%clk 01:25:34]} {[%emt 00:06:20]}
Qxd5 {[%clk 01:26:35]} {[%emt 00:00:31]} 6. Ndf3 {[%clk 01:24:04]} {[%emt
00:02:00]} cxd4 {[%clk 01:26:06]} {[%emt 00:01:00]} 7. Nxd4 {[%clk 01:22:43]}
{[%emt 00:01:51]} Nxd4 {[%clk 01:26:23]} {[%emt 00:00:12]} 8. Qxd4 {[%clk
01:22:48]} {[%emt 00:00:24]} Qxd4 {[%clk 01:26:44]} {[%emt 00:00:09]} 9. cxd4
{[%clk 01:23:13]} {[%emt 00:00:05]} Nf6 {[%clk 01:26:11]} {[%emt 00:01:04]} 10.
a3 {[%clk 01:17:47]} {[%emt 00:05:57]} Be7 {[%clk 01:22:09]} {[%emt 00:04:32]}
11. g3 {[%clk 01:16:07]} {[%emt 00:02:09]} O-O {[%clk 01:20:22]} {[%emt
00:02:17]} 12. Bg2 {[%clk 01:16:05]} {[%emt 00:00:33]} Rd8 {[%clk 01:20:26]}
{[%emt 00:00:25]} 13. Ne2 {[%clk 01:15:44]} {[%emt 00:00:51]} Rb8 {[%clk
01:20:35]} {[%emt 00:00:22]} 14. O-O {[%clk 01:13:01]} {[%emt 00:03:12]} b6
{[%clk 01:13:26]} {[%emt 00:07:39]} 15. Bf4 {[%clk 01:08:45]} {[%emt 00:04:46]}
Bd6 {[%clk 01:07:45]} {[%emt 00:06:11]} 16. Bxd6 {[%clk 01:00:03]} {[%emt
00:09:12]} Rxd6 {[%clk 01:08:06]} {[%emt 00:00:09]} 17. Rfd1 {[%clk 01:00:10]}
{[%emt 00:00:23]} Bb7 {[%clk 01:08:10]} {[%emt 00:00:25]} 18. Bxb7 {[%clk
00:59:21]} {[%emt 00:01:20]} Rxb7 {[%clk 01:08:34]} {[%emt 00:00:06]} 19. Rac1
{[%clk 00:59:20]} {[%emt 00:00:32]} Rd8 {[%clk 00:48:12]} {[%emt 00:20:52]} 20.
Rd2 {[%clk 00:56:22]} {[%emt 00:03:27]} Rbd7 {[%clk 00:46:53]} {[%emt
00:01:49]} 21. Rdc2 {[%clk 00:55:15]} {[%emt 00:01:37]} g6 {[%clk 00:46:01]}
{[%emt 00:01:22]} 22. Rc7 {[%clk 00:52:23]} {[%emt 00:03:22]} Nd5 {[%clk
00:40:39]} {[%emt 00:05:52]} 23. Rxd7 {[%clk 00:52:11]} {[%emt 00:00:42]} Rxd7
{[%clk 00:41:00]} {[%emt 00:00:10]} 24. Rc8+ {[%clk 00:51:55]} {[%emt
00:00:45]} Kg7 {[%clk 00:41:23]} {[%emt 00:00:07]} 25. Ra8 {[%clk 00:50:56]}
{[%emt 00:01:29]} Rc7 {[%clk 00:41:09]} {[%emt 00:00:44]} 26. Kf1 {[%clk
00:48:40]} {[%emt 00:02:46]} a5 {[%clk 00:40:55]} {[%emt 00:00:43]} 27. Rb8
{[%clk 00:47:52]} {[%emt 00:01:19]} Rc2 {[%clk 00:38:05]} {[%emt 00:03:20]} 28.
b4 {[%clk 00:48:04]} {[%emt 00:00:19]} axb4 {[%clk 00:38:16]} {[%emt 00:00:19]}
29. axb4 {[%clk 00:48:26]} {[%emt 00:00:07]} Rb2 {[%clk 00:38:29]} {[%emt
00:00:16]} 30. Ke1 {[%clk 00:47:56]} {[%emt 00:01:02]} Rxb4 {[%clk 00:38:26]}
{[%emt 00:00:33]} 31. Kd2 {[%clk 00:48:03]} {[%emt 00:00:22]} Rb2+ {[%clk
00:32:33]} {[%emt 00:06:22]} 32. Kd3 {[%clk 00:46:48]} {[%emt 00:01:45]} b5
{[%clk 00:29:01]} {[%emt 00:04:03]} 33. h4 {[%clk 00:46:03]} {[%emt 00:01:14]}
b4 {[%clk 00:28:42]} {[%emt 00:00:50]} 34. Rb5 {[%clk 00:45:24]} {[%emt
00:01:09]} Rxe2 {[%clk 00:26:50]} {[%emt 00:02:22]} 35. Rxd5 {[%clk 00:44:47]}
{[%emt 00:01:07]} Rxf2 {[%clk 00:21:02]} {[%emt 00:06:18]} 36. Re5 {[%clk
00:43:55]} {[%emt 00:01:21]} Rf3+ {[%clk 00:18:40]} {[%emt 00:02:52]} 37. Re3
{[%clk 00:44:17]} {[%emt 00:00:08]} Rxe3+ {[%clk 00:17:52]} {[%emt 00:01:19]}
38. Kxe3 {[%clk 00:44:43]} {[%emt 00:00:05]} Kf6 {[%clk 00:18:11]} {[%emt
00:00:11]} 39. g4 {[%clk 00:45:01]} {[%emt 00:00:11]} h5 {[%clk 00:18:26]}
{[%emt 00:00:15]} 40. g5+ {[%clk 00:45:22]} {[%emt 00:00:09]} Kf5 {[%clk
00:18:45]} {[%emt 00:00:11]} 41. Kd3 {[%clk 00:45:46]} {[%emt 00:00:06]} Kg4
{[%clk 00:18:43]} {[%emt 00:00:32]} 0-1